| 000 | 00531nam a2200169 i 4500 | ||
|---|---|---|---|
| 001 | 55179 | ||
| 003 | ES-MaACL | ||
| 005 | 20230906163109.0 | ||
| 007 | t| | ||
| 008 | 030915s1933 fr ||||1| fre d | ||
| 100 | 1 |
_aDelpech, Henry. _943580 |
|
| 245 | 1 | 4 |
_aLes aspects d'un federalism financier _b: l'exemple allemand / _cHenry Delpech ; preface d'Henry Laufenburger. |
| 260 |
_aParis : _bRecueil Sirey, _c1933 ( _fBière) |
||
| 300 |
_aXI, 503 p. ; _c25 cm. |
||
| 700 | 1 |
_aLaufenburger, Henry. _970591 |
|
| 852 |
_aES-MaACL _jA-2183 |
||
| 999 |
_c55179 _d55179 |
||